000 01528nam a2200229Ia 4500
003 Ost
005 20260507075254.0
008 260507s9999||||xx |||||||||||||| ||und||
040 _cfsecg
041 _aara
082 _a330
100 _aالراوي، عبد الخالق مطلك
_eمؤلف
245 0 _aمحاسبة النفط و الغاز /
_c عبد الخالق مطلك الراوي
260 _aعمان:
_bدار اليازوري,
_c2011
300 _a358 صفحة؛
_c24 سم
504 _aمراجع ص.355
520 _aمدخل الى صناعة النفط و الغاز و خصائص محاسبة النفط و الغاز ، النظام المحاسبي و الدليل المحاسبي ، مراحل صناعة النفط : مرحلة الاستطلاع و الاستكشاف ، مرحلة الحفر و التطوير ، مرحلة انتاج و ضخ النفط و الغاز ، توزيع تكاليف الانتاج المشتركة بين النفط و الغاز الطبيعي ، الاصول المتناقصة و نفاذ الممتلكات المنتجة ، انخفاض قيمة العقود غير المطورة ، ايراد النفط الخام و الغاز الطبيعي ، القوائم المالية المنحاسبية ، تكرير النفط ، تسعير المنتجات النفطية ، تكاليف نقل مشتقات النفط و الغاز .
653 _aالمحاسبة
653 _aالمحاسبة- النفط
653 _aالنفط
942 _cكتاب
999 _c43718
_d43718